Le structuralisme (notice n° 1925090)
[ vue normale ]
| 000 -LEADER | |
|---|---|
| fixed length control field | 01133cam a2200133 4500500 |
| 005 - DATE AND TIME OF LATEST TRANSACTION | |
| control field | 20260329023140.0 |
| 041 ## - LANGUAGE CODE | |
| Language code of text/sound track or separate title | fre |
| 042 ## - AUTHENTICATION CODE | |
| Authentication code | dc |
| 100 10 - MAIN ENTRY--PERSONAL NAME | |
| Personal name | Dekens, Olivier |
| Relator term | author |
| 245 00 - TITLE STATEMENT | |
| Title | Le structuralisme |
| 260 ## - PUBLICATION, DISTRIBUTION, ETC. | |
| Name of publisher, distributor, etc. | Armand Colin,<br/> |
| Date of publication, distribution, etc. | 2015.<br/> |
| 520 ## - SUMMARY, ETC. | |
| Summary, etc. | Le structuralisme aura été l’un des courants majeurs de la vie intellectuelle du 20e siècle.Ce mouvement, dont la période de productivité s’étend entre le milieu des années 1950 et celui des années 1970, se caractérise par une thèse et une conviction. La thèse : le langage est un système dont le fonctionnement est basé sur des relations identifiables et stabilisées entre des éléments de base en nombre fini. Une conviction : cette découverte de la linguistique peut être étendue à la totalité des produits de la culture, et même au-delà, à la totalité des phénomènes humains.L’auteur définit dans cet ouvrage la nouvelle visée critique, scientifique et enfin peut-être aussi éthique apportées par le structuralisme. |
| 856 41 - ELECTRONIC LOCATION AND ACCESS | |
| Uniform Resource Identifier | <a href="https://shs.cairn.info/le-structuralisme--9782200600853?lang=fr&redirect-ssocas=7080">https://shs.cairn.info/le-structuralisme--9782200600853?lang=fr&redirect-ssocas=7080</a> |
Pas d'exemplaire disponible.




Réseaux sociaux